|
|
|
|
| LEADER |
00000nam a2200000 a 4500 |
| 001 |
UCV2729 |
| 003 |
CL-VaPUC |
| 008 |
921102e19640000IT |||||||||||||||||ita|d |
| 082 |
0 |
4 |
|a 340.112
|b PER
|2 21
|
| 100 |
0 |
|
|a Perticone, Giacomo
|e author
|9 297010
|
| 245 |
1 |
3 |
|a Il diritto e lo stato nel pensiero italiano contemporaneo
|
| 300 |
|
|
|a 176 p
|
| 942 |
|
|
|c BK
|
| 945 |
|
|
|d 19921102 00:00:00
|
| 260 |
|
|
|a Padua
|b CEDAM
|c 1964
|
| 650 |
|
7 |
|a DERECHO Y ESTADO
|2 CL-VaPUC
|9 256588
|
| 650 |
|
0 |
|a Filosofía del derecho
|9 255050
|
| 583 |
|
|
|a last modification
|c 19921102 00:00:00
|k Rodrigo Vera
|
| 999 |
|
|
|c 210230
|d 210228
|
| 952 |
|
|
|0 0
|1 0
|4 0
|6 340_112000000000000_PER_1964
|7 0
|8 DER_TF
|9 186312
|a BIBDER
|b BIBDER
|d 2019-11-14
|i 2537796
|o 340.112 PER 1964
|p 2537796
|r 2023-01-25
|w 2019-11-14
|x Ubicación 4to Piso
|y BK
|z Estos recursos deben solicitarse con anticipación
|k DER
|